2022 MLB Draft First Round Selections - Statistics

General Stats
  • This quiz has been taken 81 times
    80 since last reset
  • The average score is 8 of 30
Answer Stats
Hint Answer % Correct
1 - BAL [SS - HS] Jackson Holliday
88%
2 - ARI [OF - HS] Druw Jones
70%
3 - TEX [RHP - Vandy] Kumar Rocker
68%
25 - NYY [OF - Vandy] Spencer Jones
65%
8 - MIN [SS - Cal Poly] Brooks Lee
42%
5 - WAS [OF - HS] Elijah Green
39%
4 - PIT [SS - HS] Termarr Johnson
38%
13 - LAA [SS - Campbell] Zach Neto
35%
12 - DET [2B - TTU] Jace Jung
32%
7 - CHC [RHP - OU] Cade Horton
30%
28 - HOU [OF - Tenn] Drew Gilbert
29%
11 - NYM [C - GT] Kevin Parada
27%
9 - KC [OF - VT] Gavin Cross
24%
6 - MIA [3B - LSU] Jacob Berry
24%
17 - PHI [OF - HS] Justin Crawford
24%
30 - SFG [2WP - Uconn] Reggie Crawford
24%
16 - CLE [OF - JMU] Chase DeLauter
21%
14 - NYM [SS - HS] Jett Williams
18%
18 - CIN [3B - Chipola JC] Cam Collier
17%
29 - TB [1B - HS] Xavier Isaac
15%
15 - SD [RHP - HS] Dylan Lesko
14%
21 - SEA [SS - HS] Cole Young
12%
22 - STL [LHP - Or St] Cooper Hjerpe
12%
19 - OAK [C - AZ] Daniel Susac
12%
26 - CHW [LHP - HS] Noah Schultz
12%
10 - COL [RHP - Gonz] Gabriel Hughes
11%
24 - BOS [SS - HS] Mikey Romero
11%
23 - TOR [LHP - HS] Brandon Barriera
8%
27 - MIL [SS - CCU] Eric Brown Jr.
8%
20 - ATL [RHP - HS] Owen Murphy
5%
No matching quizzes found
Score Distribution
Percent of People with Each Score
Percentile by Number Answered
Your Score History
You have not taken this quiz since the last reset